000 00618nam a2200241Ia 4500
003 OSt
005 20220918205805.0
006 a|||||r|||| 00| 0
007 ta
008 220917b |||||||| |||| 00| 0 eng d
024 _a117,934
037 _cTextual
040 _aARTS
_cARTS
_beng
041 _2eng
_aeng
082 _aV677, 21y7N18, L8
100 _aVatikiotis P J
245 0 _aNasser and his generation
260 _aLondon
_bCroom
_c1978
300 _a375p.
_ccm.
650 _aHISTORY
942 _hV677, 21y7N18, L8
_cTEXL
_2CC
999 _c241211
_d241211